Santro: (Record no. 206625)

MARC details
000 -LEADER
fixed length control field 00558nam a22001817a 4500
005 - DATE AND TIME OF LATEST TRANSACTION
control field 20241023125836.0
010 ## - LCCN (DPL NO)
LC control number ENG-142310
020 ## - INTERNATIONAL STANDARD BOOK NUMBER
International Standard Book Number 9789351952084
Terms of availability 599.00
035 ## - SYSTEM CONTROL NUMBER
System control number EN-125842
037 ## - SOURCE OF ACQUISITION
Source of stock number/acquisition DBAD
082 ## - DEWEY DECIMAL CLASSIFICATION NUMBER
Classification number 629.222
100 ## - MAIN ENTRY--PERSONAL NAME
Personal name Subbu, Bvr
245 ## - TITLE STATEMENT
Title Santro:
Statement of responsibility, etc by Bvr Subbu
Remainder of title The Car that Built a Company/
260 ## - PUBLICATION, DISTRIBUTION, ETC. (IMPRINT)
Place of publication, distribution, etc Gurgaon
Name of publisher, distributor, etc Hachette Book Publishing India
Date of publication, distribution, etc 2017
270 ## - ADDRESS
Address 4th/5th Floors, Corporate Centre, Sector 44
City Gurgaon
Postal code 122003
300 ## - PHYSICAL DESCRIPTION
Extent x,254p.
Dimensions 22cm(hb)
942 ## - ADDED ENTRY ELEMENTS (KOHA)
Source of classification or shelving scheme Dewey Decimal Classification
Item type English Books
Call number suffix SUB
Classification part 629.222
Holdings
Withdrawn status Lost status Not for loan Collection code Home library Current library Date acquired Source of acquisition Cost, normal purchase price Full call number Barcode Copy number Cost, replacement price Koha item type
    Not For Loan Non-fiction D.B.Act.Division D.B.Act.Division 23/10/2024 Delivery of Books Act Division 599.00 SUB 629.222 EN-125842 1 599.00 English Books

© Delhi Public Library
Hit Counter
free hit counter